Železná huť města Rokycan na sklonku třicetileté války

Titel: Železná huť města Rokycan na sklonku třicetileté války : (Rozbor účtů)
Verfasser:
In: Z dějin hutnictví, Band 135=24 (1995), Seite 11-14
alle Artikel anzeigen
Veröffentlicht: 1995
Format: Aufsatz
Sprache: Tschechisch
Kein Bild verfügbar
X
alg: 39312315
001A    $01999:11-11-16 
001B    $01999:28-04-21 $t19:31:23.000 
001D    $01999:11-11-16 
001U    $0utf8 
001X    $00 
002@    $0Aox 
003@    $0393123154 
007A    $0393123154 $aHEB 
007T    $0Herdp01730 
010@    $acze 
011@    $a1995 
021A    $aŽelezná huť města Rokycan na sklonku třicetileté války $d(Rozbor účtů) 
028A    $aHofmann $dGustav 
031A    $d135=24 $h11-14 $j1995 
037A    $aněm. res.: Eisenhütte der Stadt Rokycany am Ende des Dreissigjährigen Krieges. (Analyse von Rechnungen) 
039B    $aIn $8--Abvc--. Z dějin hutnictví. - Praha, 1972-. - ISSN 0139-9810 $x199500001350000989 $9064660656 
045F    $a330.094371 $eDDC23BSB 
045F/01 $a330.09 
045F/03 $g4371 

lok: 39312315 78

exp: 39312315 78 1 #EPN
201B/01 $030-09-25 $t21:47:43.000 
201U/01 $0utf8 
203@/01 $0789233479 
208@/01 $a11-11-16 $be 
209A/01 $a/ $f000 $x00 
220C/01 $aHerkunft: HÚ AV ČR Praha 
244Z/01 $#Tschechien $#Tschechische Republik $#Tschechien $#Tschechische Republik $#Tschechenland $#Tschechei Tschechien $#Česká Republika $#Czech Republic $#ČR $74303381-7 $8--Tg1--Tschechien $x01 $9086659812 
244Z/01 $2Trx $#Böhmen $#Bohemia $#Czechy $8--Trx--Čechy $x02 $9391188941 
244Z/01 $#Rokycany $#Rokitzan $74343124-0 $8--Tg1--Rokycan $x03 $9088172198 
244Z/01 $aGeschichte 1644-1647 $x04 
244Z/01 $2Trx $#metallurgia üldiselt $#metalurgija bendras $#metallurgy general $#kohászat általános $#hutnictwo ogólnie $#hutníctvo všeobecne $#hutnictví všeobecně $8--Trx--Hüttenwesen$gallgemein $x05 $9391377248 
244Z/01 $2Trx $#sõda, 30-aastane 1618- 1648 $#Trisdešimties metų karas 1618-1648 $#War, Thirty Years' 1618-1648 $#Harmincéves háború 1618-1648 $#wojna trzydziestoletnia 1618-1648 $#vojna tridsaťročná 1618-1648 $#válka třicetiletá 1618-1648 $8--Trx--Krieg, Dreißigjähriger$g1618-1648 $x06 $9391373382 
244Z/01 $2Trx $#rahandus $#finansai $#finance $#pénzügy $#skarbowość $#finančníctvo $#finančnictví $#finanse $#peněžnictví $8--Trx--Finanzwesen $x07 $9391366726 
244Z/01 $2Trx $8--Trx--Zeitschriftenaufsatz $x08 $9391384341 
245Z/01 $a13.03 $x01 
245Z/01 $a09.04 $x02 
247C/01 $82080>Marburg/Lahn, Herder-Institut, Forschungsbibliothek, Bibliographieportal $9336309341
LEADER 00000caa a22000002c 4500
001 393123154
003 DE-603
005 20210428193123.0
007 tu
008 161111s1995 xx |||| | u00||u|cze c
035 |a (DE-599)HEB393123154 
040 |a DE-603  |b ger  |c DE-603  |d DE-603 
041 |a cze 
082 0 4 |8 1\u  |a 330.094371  |q DE-101  |2 23/BSB 
085 |8 1\u  |b 330.09 
085 |8 1\u  |z 2  |s 4371 
100 1 |a Hofmann, Gustav 
245 0 0 |a Železná huť města Rokycan na sklonku třicetileté války  |b (Rozbor účtů) 
264 0 |c 1995 
500 |a něm. res.: Eisenhütte der Stadt Rokycany am Ende des Dreissigjährigen Krieges. (Analyse von Rechnungen) 
773 0 8 |i In  |t Z dějin hutnictví  |d Praha, 1972-  |x 0139-9810  |g Band 135=24 (1995), Seite 11-14  |w (DE-603)064660656  |w (DE-600)258827-4 
924 0 |9 2080  |a (DE-603)789233479  |b DE-2080  |c HES  |d d  |g /